All Lucki Albums (2015 - 2023) - Statistics

General Stats
  • This quiz has been taken 73 times
  • The average score is 46 of 144
Answer Stats
Alternative Trap % Correct
Geeked
69%
2021 Vibes
64%
Randomly
64%
Sunset
64%
New York
61%
Freewave 1
59%
Freewave 4
58%
Peach Dream
58%
13
54%
4 The Betta
54%
Freewave 5
54%
Freewave 6
54%
Tunevert
53%
KAPITOL DENIM
51%
More Than Ever
51%
U.G.K
51%
Freewave 8
49%
Me
49%
Super Urus
47%
Mubu
46%
Nigo
46%
Poker Face
46%
Politics
46%
Prada Tune
46%
Faith
44%
GOODFELLAS
44%
Me Myself & I
44%
Out My Way
44%
OUTRO
44%
WHITE HOUSE
44%
Y NOT?
42%
No Bap
41%
TBT
41%
2019
39%
4 - U - City Girl
39%
Gemini Love
39%
Last Time Mentioning
39%
Wholeworldslatt
39%
All in
37%
COINCIDENCE
37%
GEEKED N BLESSED
37%
Newer Me
37%
Super Ski
37%
TUNE & SCOTTY
37%
3D Outro
36%
Geek Monster
36%
Glory Boy
36%
HOW TF?!
36%
Beverly Hills to 35th
34%
Chrome Denim
34%
DROUGHTSKI
34%
Hush Skit
34%
Mac 'n' Cheese
34%
MADE MY DAY
34%
Miss Me
34%
NEPTUNE V.S INDUSTRY
34%
WHERE I BE
34%
FREE SEX!
32%
Hollywood Dreamer
32%
Interlude
32%
Its Bool
32%
Karma A Bitch
32%
Lowlife
32%
MY WAY / CODEINE COWBOY
32%
ON POINT
32%
Options
32%
SPARKS VISION
32%
2012 Summer
31%
2 Easy - Give up
31%
LIFE MOCKS ART
31%
NOTICED YA
31%
VVS KEYSKI
31%
ARCHIVE CELINE
29%
DNA
29%
Go Away!!
29%
RIP Act
29%
Tarantino
29%
Unlimited
29%
10 P.M IN LNDN
27%
2 of You
27%
Bby pluto
27%
Dirty Demon
27%
Saucin' - Remix
27%
Birdgang
25%
BRAZY WEEKEND
25%
Left 4 Dead
25%
LOVE IS WAR
25%
Of Course You Won't
25%
Owe Me
25%
Pure Love - Hate
25%
Runnin With
25%
Str8 Syrup
25%
Almighty Tune
24%
Are U Wit Me
24%
Back Home
24%
CRYOUT
24%
Mia Wallace
24%
No Wok
24%
Over
24%
Owe a Nigga
24%
Pick A Flaw
24%
Purple Heart Ski
24%
Rumors
24%
Send Me On My Way
24%
Stevie Wonder
24%
BEEN A MINUTE
22%
Believe the Hype
22%
Bloody Freestyle
22%
Expectations
22%
OUT OF LVE
22%
Pop Star
22%
STILL MISS YA
22%
Way 2 Rare
22%
Clueless
20%
Dirty You
20%
Finesse II
20%
I GET IT, TWIN
20%
Komfrotable
20%
Lil Bitch
20%
Lucki Eck$ Freewave 7
20%
Ouch Omen
20%
Still steal
20%
Thank God
20%
Whvts the Word
20%
Bprint
19%
Difference
19%
Fast Car
19%
Leave With You
19%
Speed Demon
19%
Waiting On
19%
At Least I Think It's Real
17%
BUSY DAY
17%
Inside
17%
New to Me
17%
Run W Me
17%
USED 2 BE
17%
6th Sense
15%
NEEDED
15%
Show Time
15%
Let's See
14%
None Other
14%
What I Wanna
14%
Pop out, Up
12%
Mind Games
7%
No matching quizzes found
Score Distribution
Percent of People with Each Score
Percentile by Number Answered
Your Score History
You have not taken this quiz